000 00634nam a2200253Ia 4500
003 OSt
005 20221007070936.0
006 a|||||r|||| 00| 0
007 ta
008 221006b |||||||| |||| 00| 0 eng d
020 _a8171771505
_cRs. 450/-
024 _a8,066
037 _cTextual
040 _aFLL
_cFLL
_beng
041 _2eng
_aeng
082 _aZ2,5, P3
100 _aGoyle
_9687966
245 0 _aLaw of easements and licences
250 _a3rd
260 _aKolkata
_bEastern Law House India
_c2003
300 _a392p
_ccm.
942 _hZ2,5, P3
_cTEXL
_2CC
999 _c1141934
_d1141934